Po prudkém poklesu rychlý růst
Opis vývoja svetových ekonomík pod vplyvom pandémie.
Salvato in:
| Autore principale: | |
|---|---|
| Natura: | Capitolo di libro |
| Lingua: | ceco |
| Soggetti: | |
| Tags: |
Nessun Tag, puoi essere il primo ad aggiungerne!!
|
MARC
| LEADER | 00000naa a2200000 4500 | ||
|---|---|---|---|
| 001 | 0267483 | ||
| 005 | 20200813085250.3 | ||
| 041 | 0 | |a cze | |
| 044 | |a CZ | ||
| 245 | 1 | 0 | |a Po prudkém poklesu rychlý růst |c Jana Steckerová |
| 520 | |a Opis vývoja svetových ekonomík pod vplyvom pandémie. | ||
| 610 | 2 | 0 | |a hospodárstvo svetové |
| 610 | 2 | 0 | |a rast hospodársky |
| 610 | 2 | 0 | |a chorobnosť |
| 610 | 2 | 0 | |a kríza hospodárska |
| 610 | 2 | 0 | |a vývoj hospodársky |
| 100 | 1 | |a Steckerová, Jana | |